000 01355nam2a2200301 4500
001 RU\NLR\BIBL_A\021961951
005 20250809152622.0
035 _a(NLR Aleph) 021961951
090 _a83748
_c83748
100 _a20250809 rusy50
101 0 _aabk
102 _aAB
135 _acrcn 024anaba
200 0 _a1942, № 15 (717) (14 апр.)
210 _d1942
325 1 _aКопия доступна в электронной библиотеке РНБ
461 0 _1001RU\NLR\BIBL_A\016342691
_12001#$aБзыҧ ҟапшь$eорган Гудаутского райкома КП(б)Г и райисполкома$v1942, № 15 (717) (14 апр.)
852 _aNLR
_bОНЛ
_jАбхаз.г./1-1
856 0 _uhttps://vivaldi.nlr.ru/pn000277733/view
856 1 _uhttps://vivaldi.nlr.ru/pn000277733/cover
856 2 _uhttps://vivaldi.nlr.ru/pn000277733/text
901 _eГазеты
942 _cISSNP
945 _aРоссийская национальная библиотека
980 _aBV
981 2 3 _a(23) Национальные литературы
_b(23) Периодические издания на национальных языках